[Event "Paul Keres mem (27th)"]
[Site "Vancouver CAN"]
[Date "2002.05.20"]
[Round "7.19"]
[White "Sullivan, Brian"]
[Black "Krzyzowski, Ernest"]
[Result "0-1"]
[WhiteElo "1866"]
[BlackElo "1787"]
[PlyCount "73"]
[EventDate "2002.05.17"]
[EventType "swiss"]
[EventRounds "7"]
[EventCountry "CAN"]

1. e4 Nf6 2. Nf3 Nxe4 3. Bc4 e6 4. O-O d5 5. Bb3 c5 6. c3 c4 7. Bc2 Bd6 8. d3
Nf6 9. Bg5 cxd3 10. Qxd3 Nbd7 11. Re1 O-O 12. Nbd2 h6 13. Bh4 Re8 14. Rad1 Nf8
15. Nf1 Ng6 16. c4 Nxh4 17. Nxh4 Bb4 18. Re3 Bc5 19. Rf3 Ne4 20. Rf4 Bxf2+ 21.
Rxf2 Qxh4 22. Rf3 Ng5 23. Rg3 Qxc4 24. Qxc4 dxc4 25. Ba4 Rf8 26. Rd4 a6 27. h4
Nh7 28. Bc2 b5 29. Rdg4 g6 30. Ne3 h5 31. Rf4 Bb7 32. b3 cxb3 33. Bxb3 Rac8 34.
Kh2 Rcd8 35. Nf5 exf5 36. Rxg6+ Kh8 37. Rh6 0-1

[Event "Paul Keres mem (27th) U2000"]
[Site "Vancouver CAN"]
[Date "2002.05.18"]
[Round "1.2"]
[White "Kruger, Benjamin"]
[Black "Martinson, Rick"]
[Result "1-0"]
[WhiteElo "1944"]
[BlackElo "1774"]
[PlyCount "43"]
[EventDate "2002.05.18"]
[EventType "swiss"]
[EventRounds "6"]
[EventCountry "CAN"]

1. d4 Nf6 2. c4 g6 3. Nc3 Bg7 4. e4 d6 5. Be2 O-O 6. Bg5 Nbd7 7. Qd2 e5 8. d5
a5 9. f3 Nc5 10. O-O-O Bd7 11. g4 Qc8 12. h4 Ne8 13. Be7 f5 14. Bxf8 Kxf8 15.
gxf5 gxf5 16. Bf1 Nf6 17. Re1 Nh5 18. Kb1 Nf4 19. Nh3 Bh6 20. Nxf4 Bxf4 21. Qg2
fxe4 22. Rg1 1-0

[Event "Paul Keres mem (27th) U2000"]
[Site "Vancouver CAN"]
[Date "2002.05.18"]
[Round "1.3"]
[White "Wilson Tagoe, George"]
[Black "Sadoway, Steven"]
[Result "0-1"]
[WhiteElo "1764"]
[BlackElo "1943"]
[PlyCount "90"]
[EventDate "2002.05.18"]
[EventType "swiss"]
[EventRounds "6"]
[EventCountry "CAN"]

1. e4 c6 2. d4 d5 3. e5 Bf5 4. Bd3 Bxd3 5. Qxd3 e6 6. f4 Qa5+ 7. Bd2 Qa6 8.
Qxa6 Nxa6 9. Nf3 c5 10. c3 Ne7 11. O-O Nc6 12. Kh1 Be7 13. dxc5 Nxc5 14. Be3
O-O 15. Na3 Na4 16. Nc2 b6 17. Rab1 Rac8 18. Ncd4 Na5 19. Bf2 a6 20. Nd2 Rfe8
21. g4 Nc6 22. N2b3 Bc5 23. h4 Bxd4 24. Bxd4 Nxd4 25. Nxd4 Nc5 26. Rf3 Ne4 27.
Rd1 Rc7 28. Ne2 Rc5 29. Ng3 Nxg3+ 30. Rxg3 b5 31. Rd4 Rec8 32. Rgd3 a5 33. a3
f6 34. Kg2 Kf7 35. g5 Kg6 36. Re3 fxg5 37. fxg5 Rf8 38. Rf3 Rf5 39. Rxf5 Kxf5
40. Kf3 Kxe5 41. Kg4 Rc4 42. Rxc4 dxc4 43. h5 g6 44. h6 Ke4 45. Kg3 e5 0-1

[Event "Paul Keres mem (27th) U2000"]
[Site "Vancouver CAN"]
[Date "2002.05.18"]
[Round "1.7"]
[White "Cheng, Louis"]
[Black "Phonchiangkwong, Sumon Chai"]
[Result "1-0"]
[WhiteElo "1838"]
[BlackElo "1696"]
[PlyCount "61"]
[EventDate "2002.05.18"]
[EventType "swiss"]
[EventRounds "6"]
[EventCountry "CAN"]

1. e4 c5 2. Nf3 Nc6 3. d4 cxd4 4. Nxd4 g6 5. Be3 Bg7 6. Nc3 a6 7. Qd2 Nf6 8.
Be2 O-O 9. O-O-O d6 10. f4 Nxd4 11. Bxd4 b5 12. Bf3 Bb7 13. e5 Bxf3 14. exf6
Bxd1 15. fxg7 Re8 16. Rxd1 e5 17. Be3 Qh4 18. fxe5 dxe5 19. Bg5 Qxh2 20. Nd5
Kxg7 21. Bf6+ Kf8 22. Qb4+ Kg8 23. Ne7+ Rxe7 24. Qxe7 Qh6+ 25. Kb1 Qf8 26. Qxe5
Re8 27. Qg3 Qc5 28. b3 h5 29. Qd6 Qxd6 30. Rxd6 Re6 31. Rd8+ 1-0

[Event "Paul Keres mem (27th) U2000"]
[Site "Vancouver CAN"]
[Date "2002.05.18"]
[Round "1.10"]
[White "Taylor, James"]
[Black "Monteith, Don"]
[Result "1/2-1/2"]
[WhiteElo "1621"]
[BlackElo "1798"]
[PlyCount "111"]
[EventDate "2002.05.18"]
[EventType "swiss"]
[EventRounds "6"]
[EventCountry "CAN"]

1. c4 e5 2. Nc3 Nf6 3. e3 d5 4. cxd5 Nxd5 5. g3 Nxc3 6. bxc3 Bd6 7. Bg2 c6 8.
Rb1 Qc7 9. Ne2 Be6 10. Qc2 O-O 11. Qb2 b6 12. O-O f5 13. f4 e4 14. Rf2 Na6 15.
Bf1 Bc4 16. Nd4 Bxf1 17. Qb3+ Qf7 18. Rxf1 Rac8 19. Qxf7+ Rxf7 20. Nb3 Rd7 21.
Rd1 Be7 22. Kf2 c5 23. Ke2 Rcd8 24. Ba3 h5 25. h3 Kf7 26. Bb2 g6 27. h4 Nc7 28.
c4 Bf6 29. a4 Bxb2 30. Rxb2 Na6 31. Nc1 Nb4 32. Rb3 Nc6 33. d3 Na5 34. Rc3 Nc6
35. Nb3 exd3+ 36. Rcxd3 Rxd3 37. Rxd3 Rxd3 38. Kxd3 a5 39. Nd2 Nb4+ 40. Kc3
Na2+ 41. Kb2 Nb4 42. Kc3 Nc6 43. Nf3 Kf6 44. Nd2 Ne7 45. Nf3 Nc6 46. Nd2 Nd8
47. Nf3 Nf7 48. Kd3 Nd6 49. Nd2 Ke6 50. e4 fxe4+ 51. Nxe4 Nf5 52. Ng5+ Ke7 53.
Ne4 Ke6 54. Ng5+ Ke7 55. Ne4 Ke6 56. Ng5+ 1/2-1/2

[Event "Paul Keres mem (27th) U2000"]
[Site "Vancouver CAN"]
[Date "2002.05.18"]
[Round "1.12"]
[White "Barabana, Parish"]
[Black "Lister, Curtis"]
[Result "0-1"]
[WhiteElo "1653"]
[BlackElo "1785"]
[PlyCount "120"]
[EventDate "2002.05.18"]
[EventType "swiss"]
[EventRounds "6"]
[EventCountry "CAN"]

1. d4 Nf6 2. c4 g6 3. Nc3 Bg7 4. e4 d6 5. Nf3 Nbd7 6. Be2 O-O 7. O-O e5 8. d5
Nc5 9. Nd2 a5 10. f3 Bd7 11. Rb1 Nh5 12. Nb3 b6 13. Nxc5 bxc5 14. Qd2 f5 15. a3
f4 16. b4 Qg5 17. g4 cxb4 18. axb4 axb4 19. Nb5 Bxb5 20. cxb5 Nf6 21. Qe1 h5
22. h4 Qh6 23. g5 Qh7 24. gxf6 Bxf6 25. Rxb4 Qe7 26. Qf2 Bxh4 27. Qg2 Kh7 28.
Bd2 Ra2 29. Be1 Bf6 30. b6 cxb6 31. Rxb6 Qa7 32. Bf2 Rxe2 33. Rxd6 Qg7 34. Rb1
Bh4 35. Rxg6 Qxg6 36. Qxg6+ Kxg6 37. Bxh4 Rc8 38. Rb6+ Kf7 39. Rb7+ Ke8 40. Rb1
Kd7 41. Rb7+ Rc7 42. Rxc7+ Kxc7 43. Bf6 Kd6 44. Kf1 Ra2 45. Ke1 Rg2 46. Kf1 Ra2
47. Kg1 Ra7 48. Kg2 Rf7 49. Bh4 Kc5 50. Bf2+ Kc4 51. Kf1 Kd3 52. Ke1 Rb7 53.
Kf1 Rb1+ 54. Kg2 Rb2 55. Kf1 Rd2 56. Ke1 Kc2 57. Bh4 Kd3 58. Bf6 Ke3 59. Bxe5
Rg2 60. Bf6 Rg1# 0-1

[Event "Paul Keres mem (27th) U2000"]
[Site "Vancouver CAN"]
[Date "2002.05.18"]
[Round "2.3"]
[White "Sadoway, Steven"]
[Black "Labik, Peter"]
[Result "1-0"]
[WhiteElo "1943"]
[BlackElo "1784"]
[PlyCount "57"]
[EventDate "2002.05.18"]
[EventType "swiss"]
[EventRounds "6"]
[EventCountry "CAN"]

1. e4 e5 2. Nf3 f5 3. Nxe5 Qf6 4. Nc4 fxe4 5. Nc3 Qf7 6. d4 exd3 7. Bxd3 d5 8.
Qe2+ Ne7 9. Ne5 Qe6 10. Bd2 Nec6 11. Nxd5 Bd6 12. Nxc6 Nxc6 13. Ne3 Ne5 14. Be4
Qf7 15. Bc3 O-O 16. O-O Qf4 17. Bd5+ Kh8 18. g3 Qh6 19. f4 Bc5 20. Bxe5 Qb6 21.
Rae1 Bd7 22. Kh1 Rae8 23. Nc4 Qh6 24. Nd2 Rf5 25. Ne4 Be7 26. g4 Rff8 27. g5
Qh4 28. Qf2 c6 29. Qxh4 1-0

[Event "Paul Keres mem (27th) U2000"]
[Site "Vancouver CAN"]
[Date "2002.05.18"]
[Round "2.5"]
[White "Hubbard, Quinn"]
[Black "Cheng, Louis"]
[Result "1/2-1/2"]
[WhiteElo "1685"]
[BlackElo "1838"]
[PlyCount "37"]
[EventDate "2002.05.18"]
[EventType "swiss"]
[EventRounds "6"]
[EventCountry "CAN"]

1. Nf3 d5 2. c4 Nf6 3. cxd5 Nxd5 4. d4 e6 5. e4 Nf6 6. Nc3 Be7 7. Bc4 Nbd7 8.
O-O Nb6 9. e5 Nfd5 10. Bd3 Bd7 11. Qe2 a6 12. Bd2 Bc6 13. Rac1 Qd7 14. Ne4 Nb4
15. Bxb4 Bxb4 16. Qc2 O-O-O 17. Rfd1 Rdf8 18. Nc5 Bxc5 19. Qxc5 1/2-1/2

[Event "Paul Keres mem (27th) U2000"]
[Site "Vancouver CAN"]
[Date "2002.05.19"]
[Round "3.2"]
[White "Lister, Curtis"]
[Black "Sadoway, Steven"]
[Result "0-1"]
[WhiteElo "1785"]
[BlackElo "1943"]
[PlyCount "92"]
[EventDate "2002.05.18"]
[EventType "swiss"]
[EventRounds "6"]
[EventCountry "CAN"]

1. e4 c6 2. d4 d5 3. Nc3 dxe4 4. Nxe4 Bf5 5. Ng3 Bg6 6. Nf3 Nd7 7. h4 h6 8. h5
Bh7 9. Bd3 Bxd3 10. Qxd3 Ngf6 11. c3 e6 12. Bf4 Be7 13. Ne4 Nxe4 14. Qxe4 Nf6
15. Qc2 O-O 16. O-O-O Qd5 17. Kb1 Qe4 18. Be5 Qxc2+ 19. Kxc2 Ne4 20. Bg3 Nxg3
21. fxg3 Rad8 22. g4 Rd6 23. Rhe1 Rfd8 24. Nd2 Rd5 25. Re4 Bf6 26. Nb3 e5 27.
Rd3 exd4 28. cxd4 b5 29. Rc3 R8d6 30. Kd3 g6 31. hxg6 fxg6 32. Rc5 Kf7 33. Rxd5
Rxd5 34. Nd2 c5 35. Nf3 Bxd4 36. Nxd4 cxd4 37. Rxd4 Ke6 38. Ke4 Re5+ 39. Kf3
Rd5 40. Rxd5 Kxd5 41. Kf4 Kd4 42. b4 Kd5 43. Ke3 Kc4 44. a3 Kb3 45. Kd3 Kxa3
46. Kc3 g5 0-1

[Event "Paul Keres mem (27th) U2000"]
[Site "Vancouver CAN"]
[Date "2002.05.19"]
[Round "3.3"]
[White "Cheng, Louis"]
[Black "Steinke, Wally"]
[Result "1-0"]
[WhiteElo "1838"]
[BlackElo "1700"]
[PlyCount "87"]
[EventDate "2002.05.18"]
[EventType "swiss"]
[EventRounds "6"]
[EventCountry "CAN"]

1. e4 c5 2. Nf3 Nc6 3. d4 cxd4 4. Nxd4 g6 5. Be3 Bg7 6. Nc3 Nf6 7. Be2 O-O 8.
Qd2 d5 9. Nxc6 bxc6 10. Rd1 Bb7 11. Bc5 Re8 12. O-O Nd7 13. Na4 Qc7 14. Rfe1
Rad8 15. Qb4 Nxc5 16. Nxc5 Rb8 17. exd5 cxd5 18. Bb5 Red8 19. c3 Be5 20. Nd7
Bd6 21. Rxe7 Rxd7 22. Rxd7 Qxd7 23. Bxd7 Bxb4 24. cxb4 Rd8 25. Bg4 Ba6 26. a4
Bc4 27. Rd4 Re8 28. g3 f5 29. Bd1 Re4 30. Rxe4 fxe4 31. b5 Kf7 32. Kg2 Ke6 33.
Bc2 Ke5 34. f4+ Kd4 35. g4 Ke3 36. b3 Bd3 37. f5 Bxc2 38. f6 Bxb3 39. f7 Bxa4
40. f8=Q Bxb5 41. Qf2+ Kd3 42. Qf1+ Kd2 43. Qxb5 e3 44. Qxd5+ 1-0

[Event "Paul Keres mem (27th) U2000"]
[Site "Vancouver CAN"]
[Date "2002.05.19"]
[Round "3.7"]
[White "Chan, James"]
[Black "Labik, Peter"]
[Result "1-0"]
[WhiteElo "1896"]
[BlackElo "1784"]
[PlyCount "132"]
[EventDate "2002.05.18"]
[EventType "swiss"]
[EventRounds "6"]
[EventCountry "CAN"]

1. d4 d5 2. c4 c6 3. Nf3 Nf6 4. Nc3 Nbd7 5. e3 Qc7 6. cxd5 cxd5 7. Qb3 e6 8.
Bd3 a6 9. a4 Bd6 10. Bd2 O-O 11. Rc1 Qb8 12. h3 Re8 13. O-O b6 14. Rfe1 Bb7 15.
Bb1 Ra7 16. Ne2 Ne4 17. Bb4 Ndf6 18. Bxd6 Qxd6 19. Nc3 Ba8 20. Ne5 Nd2 21. Qd1
Nxb1 22. Rxb1 Rc7 23. Qb3 Rec8 24. Nd3 Bb7 25. a5 b5 26. Na2 Ne4 27. Re2 f6 28.
f3 Ng5 29. Nc5 Qg3 30. Kf1 Qh2 31. Rd1 Qg3 32. Nb4 Qd6 33. Nbd3 h6 34. Kf2 Qh2
35. Ke1 Qg3+ 36. Kd2 Qd6 37. Kc1 Kh8 38. Kb1 Bc6 39. h4 Nf7 40. Nf4 Nd8 41. g4
Be8 42. Qd3 Bf7 43. g5 e5 44. Ng6+ Kg8 45. Qf5 fxg5 46. Nxe5 Rxc5 47. dxc5 Rxc5
48. hxg5 Be6 49. Qf4 hxg5 50. Qxg5 Qf8 51. e4 Nf7 52. Nxf7 Qxf7 53. Qd8+ Qf8
54. Qxf8+ Kxf8 55. Rc2 Rxc2 56. Kxc2 dxe4 57. fxe4 Ke7 58. Kc3 g5 59. Kd4 Kd6
60. e5+ Kc6 61. Rc1+ Kb7 62. Kc5 Kc7 63. Rh1 g4 64. Rh7+ Kd8 65. Kd6 Ke8 66.
Kxe6 Kf8 1-0

[Event "Paul Keres mem (27th) U2000"]
[Site "Vancouver CAN"]
[Date "2002.05.19"]
[Round "3.12"]
[White "Martinson, Rick"]
[Black "Davies, Noam"]
[Result "1/2-1/2"]
[WhiteElo "1774"]
[BlackElo "1700"]
[PlyCount "92"]
[EventDate "2002.05.18"]
[EventType "swiss"]
[EventRounds "6"]
[EventCountry "CAN"]

1. d4 Nf6 2. c4 g6 3. Nc3 d5 4. Nf3 Bg7 5. e3 O-O 6. Be2 c5 7. O-O e6 8. h3
Nbd7 9. cxd5 Nxd5 10. Nxd5 exd5 11. b3 cxd4 12. Nxd4 Qa5 13. Bd2 Qb6 14. Bc3
Nc5 15. Rc1 Ne4 16. Ba1 Bd7 17. Bf3 Rac8 18. Qd3 Rxc1 19. Rxc1 Re8 20. Ne2 Bxa1
21. Rxa1 Bb5 22. Qxd5 Nxf2 23. Nd4 Bc6 24. Qc4 Bxf3 25. Kxf2 Be4 26. Re1 Qf6+
27. Nf3 Qf5 28. Qa4 Rc8 29. Re2 Rc6 30. Qxa7 Rf6 31. Qb8+ Kg7 32. Qg3 g5 33.
Qg4 Qg6 34. Kg3 h5 35. Qxg5 Rxf3+ 36. Kh4 Qxg5+ 37. Kxg5 Rg3+ 38. Kxh5 Rxg2 39.
Rxg2+ Bxg2 40. h4 Be4 41. Kg5 Bc6 42. a4 Bd7 43. a5 f6+ 44. Kf4 Kg6 45. e4 Kh5
46. e5 fxe5+ 1/2-1/2

[Event "Paul Keres mem (27th) U2000"]
[Site "Vancouver CAN"]
[Date "2002.05.19"]
[Round "3.13"]
[White "Aslebiza, Daryoush"]
[Black "Barkman, Daniel"]
[Result "1-0"]
[WhiteElo "1687"]
[BlackElo "1663"]
[PlyCount "99"]
[EventDate "2002.05.18"]
[EventType "swiss"]
[EventRounds "6"]
[EventCountry "CAN"]

1. d4 Nf6 2. c4 g6 3. Nf3 Bg7 4. e3 d6 5. Be2 O-O 6. O-O Nbd7 7. Nc3 c5 8. d5
Ng4 9. Ne4 Nde5 10. h3 Nxf3+ 11. Bxf3 Ne5 12. Be2 Bd7 13. f4 f5 14. fxe5 fxe4
15. e6 Rxf1+ 16. Qxf1 Ba4 17. Bd1 Bxd1 18. Qxd1 Qa5 19. Bd2 Qa6 20. Qc2 b5 21.
cxb5 Qxb5 22. Bc3 Qc4 23. Rf1 Bxc3 24. Rf7 Rf8 25. Rxf8+ Kxf8 26. Qxc3 Qxc3 27.
bxc3 Kg7 28. c4 Kf6 29. Kf2 h5 30. Kg3 Kg5 31. h4+ Kf5 32. a4 a5 33. Kh3 g5 34.
hxg5 Kxg5 35. g3 Kf5 36. Kh4 Kg6 37. g4 hxg4 38. Kxg4 Kf6 39. Kf4 Kg6 40. Kxe4
Kg5 41. Kf3 Kf5 42. e4+ Ke5 43. Ke3 Kf6 44. Kf4 Kg6 45. e5 Kg7 46. Kf5 Kf8 47.
exd6 Ke8 48. d7+ Kd8 49. Kg6 Kc7 50. Kf7 1-0

[Event "Paul Keres mem (27th) U2000"]
[Site "Vancouver CAN"]
[Date "2002.05.19"]
[Round "3.14"]
[White "Barabana, Parish"]
[Black "Phonchiangkwong, Sumon Chai"]
[Result "0-1"]
[WhiteElo "1653"]
[BlackElo "1696"]
[PlyCount "38"]
[EventDate "2002.05.18"]
[EventType "swiss"]
[EventRounds "6"]
[EventCountry "CAN"]

1. d4 b5 2. e4 Bb7 3. Bd3 Nf6 4. Nc3 b4 5. Nd5 Nxd5 6. exd5 Bxd5 7. Nf3 e6 8.
O-O Be7 9. c4 bxc3 10. bxc3 Nc6 11. Nd2 Na5 12. f4 c5 13. Nf3 Rc8 14. f5 cxd4
15. cxd4 Nc4 16. Qe1 Bf6 17. g4 Bxf3 18. Rxf3 Bxd4+ 19. Kh1 Bxa1 0-1

[Event "Paul Keres mem (27th) U2000"]
[Site "Vancouver CAN"]
[Date "2002.05.19"]
[Round "4.1"]
[White "Bouvier, Jesse"]
[Black "Sadoway, Steven"]
[Result "0-1"]
[WhiteElo "1974"]
[BlackElo "1943"]
[PlyCount "112"]
[EventDate "2002.05.18"]
[EventType "swiss"]
[EventRounds "6"]
[EventCountry "CAN"]

1. e4 c6 2. d4 d5 3. e5 Bf5 4. Nf3 e6 5. a3 Nd7 6. Be2 Qb6 7. O-O Ne7 8. b3 c5
9. Nc3 Nc6 10. Na4 Qc7 11. c4 dxc4 12. Bxc4 Rd8 13. Bg5 Be7 14. Bxe7 Kxe7 15.
Qc1 cxd4 16. Qg5+ Kf8 17. Rac1 Ndxe5 18. Nxe5 Qxe5 19. Ba6 f6 20. Qd2 d3 21.
Bxb7 Nd4 22. Rc5 Qd6 23. Qb4 Kf7 24. Kh1 Rhe8 25. Qc3 Re7 26. Bc8 Ne2 27. Qd2
Rc7 28. Rxc7+ Qxc7 29. Ba6 Qf4 30. Qxf4 Nxf4 31. Nb2 d2 32. Bc4 Bc2 33. g3 Ng6
34. Nd1 Ne5 35. Kg2 Nxc4 36. bxc4 Bd3 37. Rg1 Bxc4 38. Kf3 Rd3+ 39. Ne3 Bb3 40.
Ke2 Rxe3+ 41. fxe3 d1=Q+ 42. Rxd1 Bxd1+ 43. Kxd1 Ke7 44. Kc2 Kd6 45. Kc3 Kc5
46. Kd3 h5 47. Kc3 g5 48. Kd3 f5 49. Kc3 Kd5 50. Kd3 Ke5 51. a4 f4 52. gxf4+
gxf4 53. exf4+ Kxf4 54. Ke2 Ke4 55. a5 a6 56. h4 e5 0-1

[Event "Paul Keres mem (27th) U2000"]
[Site "Vancouver CAN"]
[Date "2002.05.19"]
[Round "4.2"]
[White "Kruger, Benjamin"]
[Black "Cheng, Louis"]
[Result "1-0"]
[WhiteElo "1944"]
[BlackElo "1838"]
[PlyCount "101"]
[EventDate "2002.05.18"]
[EventType "swiss"]
[EventRounds "6"]
[EventCountry "CAN"]

1. d4 Nf6 2. c4 e6 3. Nc3 Bb4 4. e3 b6 5. Nge2 Bb7 6. a3 Bxc3+ 7. Nxc3 O-O 8.
d5 d6 9. Be2 Nbd7 10. O-O Qe7 11. Bf3 e5 12. e4 h6 13. Bd2 a5 14. Qc2 g5 15. g3
Kh8 16. Bg2 Rg8 17. Rae1 Nf8 18. Nd1 Bc8 19. Ne3 h5 20. Nf5 Bxf5 21. exf5 N8h7
22. Bc3 h4 23. f4 gxf4 24. Rxf4 hxg3 25. h3 Rae8 26. Rh4 Rg7 27. Rh6 Qf8 28.
Bd2 Ng8 29. f6 Rg6 30. Rxg6 fxg6 31. Qxg6 Qxf6 32. Qxe8 Qf2+ 33. Kh1 Qxd2 34.
Rf1 Qg5 35. Qd7 Nhf6 36. Qxc7 Ng4 37. Qxb6 Ne3 38. Rf3 Nxc4 39. Qc6 e4 40. Qxc4
exf3 41. Bxf3 Nf6 42. Qc3 Qf5 43. Kg2 Kg8 44. Qxa5 Nh5 45. Qd8+ Kg7 46. Qe7+
Kh6 47. Qxd6+ Kg5 48. Qe7+ Kf4 49. Qh4+ Ke3 50. Qxh5 Qc2+ 51. Be2 1-0

[Event "Paul Keres mem (27th) U2000"]
[Site "Vancouver CAN"]
[Date "2002.05.19"]
[Round "4.7"]
[White "Labik, Peter"]
[Black "Aslebiza, Daryoush"]
[Result "1-0"]
[WhiteElo "1784"]
[BlackElo "1687"]
[PlyCount "85"]
[EventDate "2002.05.18"]
[EventType "swiss"]
[EventRounds "6"]
[EventCountry "CAN"]

1. e4 c5 2. Nf3 Nc6 3. Bc4 e6 4. Nc3 g6 5. d4 cxd4 6. Nxd4 Bg7 7. Nxc6 Bxc3+ 8.
bxc3 bxc6 9. Qd4 f6 10. Ba3 d5 11. Qc5 Ne7 12. exd5 cxd5 13. Bb3 Kf7 14. O-O
Re8 15. c4 Ba6 16. Rfd1 Bb7 17. Qe3 Qc7 18. Qh6 Nf5 19. Qh3 dxc4 20. Qxh7+ Ng7
21. Ba4 Rh8 22. Qxh8 Rxh8 23. Rd7+ Qxd7 24. Bxd7 Rd8 25. Bb5 Bd5 26. Ba6 Nf5
27. Rb1 Nd4 28. Rb2 c3 29. Rb1 Bxa2 30. Rb7+ Kg8 31. Bd3 Nc6 32. h4 Ne5 33. Bb5
Ng4 34. Bd7 Ne5 35. Ba4 Rd1+ 36. Kh2 Rd2 37. Kg3 a5 38. Rc7 Nc4 39. Be7 Nb2 40.
Be8 Rxc2 41. Bxg6 f5 42. Bf6 f4+ 43. Kg4 1-0

[Event "Paul Keres mem (27th) U2000"]
[Site "Vancouver CAN"]
[Date "2002.05.20"]
[Round "5.1"]
[White "Sadoway, Steven"]
[Black "Kruger, Benjamin"]
[Result "1-0"]
[WhiteElo "1943"]
[BlackElo "1944"]
[PlyCount "23"]
[EventDate "2002.05.18"]
[EventType "swiss"]
[EventRounds "6"]
[EventCountry "CAN"]

1. e4 g6 2. d4 Bg7 3. c3 d6 4. Be3 a6 5. Nf3 Nc6 6. Be2 e5 7. O-O f5 8. exf5
gxf5 9. Ng5 Nf6 10. Bh5+ Kf8 11. dxe5 dxe5 12. Bc5+ 1-0

[Event "Paul Keres mem (27th) U2000"]
[Site "Vancouver CAN"]
[Date "2002.05.20"]
[Round "5.5"]
[White "Cheng, Louis"]
[Black "Pond, Greg"]
[Result "1-0"]
[WhiteElo "1838"]
[BlackElo "1777"]
[PlyCount "35"]
[EventDate "2002.05.18"]
[EventType "swiss"]
[EventRounds "6"]
[EventCountry "CAN"]

1. e4 e5 2. Nf3 Nc6 3. Bc4 Nf6 4. d3 Bc5 5. O-O d6 6. h3 O-O 7. Be3 Bxe3 8.
fxe3 Na5 9. Na3 Nxc4 10. Nxc4 b6 11. Qe1 Be6 12. Ncd2 Qe7 13. Qh4 h6 14. Rf2
Rae8 15. Raf1 Nh7 16. Qg3 Kh8 17. d4 f6 18. Nh4 1-0

[Event "Paul Keres mem (27th) U2000"]
[Site "Vancouver CAN"]
[Date "2002.05.20"]
[Round "5.8"]
[White "Hubbard, Quinn"]
[Black "Labik, Peter"]
[Result "1/2-1/2"]
[WhiteElo "1685"]
[BlackElo "1784"]
[PlyCount "94"]
[EventDate "2002.05.18"]
[EventType "swiss"]
[EventRounds "6"]
[EventCountry "CAN"]

1. Nf3 f5 2. d4 Nf6 3. c4 e6 4. g3 Be7 5. Bg2 c6 6. O-O d6 7. b3 Nbd7 8. Bb2
Nf8 9. Nbd2 Qc7 10. b4 d5 11. c5 g5 12. Ne5 h5 13. f3 f4 14. Qc2 fxg3 15. hxg3
h4 16. gxh4 Rxh4 17. Kf2 Bd7 18. Rh1 O-O-O 19. Rxh4 gxh4 20. Bh3 Nh5 21. e3 Be8
22. Rg1 Nd7 23. Bxe6 Kb8 24. Bxd7 Bxd7 25. Qh7 Be8 26. Ng6 h3 27. Qxe7 Qh2+ 28.
Kf1 Kc8 29. Qe5 Qxe5 30. Nxe5 h2 31. Rh1 Ng3+ 32. Kg2 Nxh1 33. Kxh1 Bh5 34.
Kxh2 Rg8 35. Nf1 Kd8 36. Ng3 Be8 37. Bc1 Ke7 38. Bd2 a6 39. Be1 Kd8 40. Bf2 Kc8
41. Kg2 Kb8 42. Bg1 Ka7 43. Kf2 b6 44. f4 a5 45. a3 bxc5 46. bxc5 a4 47. Kf1
Rxg3 1/2-1/2

[Event "Paul Keres mem (27th) U2000"]
[Site "Vancouver CAN"]
[Date "2002.05.20"]
[Round "6.1"]
[White "Sadoway, Steven"]
[Black "Reid, Richard"]
[Result "1/2-1/2"]
[WhiteElo "1943"]
[BlackElo "1836"]
[PlyCount "53"]
[EventDate "2002.05.18"]
[EventType "swiss"]
[EventRounds "6"]
[EventCountry "CAN"]

1. e4 g6 2. d4 Bg7 3. c3 d6 4. Be3 Nf6 5. Bd3 e5 6. dxe5 dxe5 7. f3 O-O 8. Ne2
Qd6 9. O-O Rd8 10. Bc2 b6 11. Qxd6 Rxd6 12. Na3 Ba6 13. Kf2 Nc6 14. Rfd1 Rad8
15. Rxd6 Rxd6 16. Rd1 Rxd1 17. Bxd1 Bf8 18. Nc2 Bc4 19. b3 Be6 20. Nc1 a5 21.
Be2 Nd7 22. Bb5 Na7 23. Bxd7 Bxd7 24. Nd3 f6 25. Ke2 Nc6 26. Kd2 Be6 27. c4
1/2-1/2

[Event "Paul Keres mem (27th) U2000"]
[Site "Vancouver CAN"]
[Date "2002.05.20"]
[Round "6.3"]
[White "Hardy, Justin"]
[Black "Cheng, Louis"]
[Result "0-1"]
[WhiteElo "1825"]
[BlackElo "1838"]
[PlyCount "102"]
[EventDate "2002.05.18"]
[EventType "swiss"]
[EventRounds "6"]
[EventCountry "CAN"]

1. Nf3 Nf6 2. g3 d5 3. Bg2 e6 4. c4 Bd6 5. O-O O-O 6. b3 dxc4 7. bxc4 Qe7 8.
Nc3 Na6 9. d4 c5 10. Nb5 cxd4 11. Nxd6 Qxd6 12. Nxd4 Rd8 13. Bb2 Qc7 14. Qc1
Bd7 15. Nb5 Bxb5 16. cxb5 Qxc1 17. Rfxc1 Nb4 18. Bxb7 Rab8 19. Bxf6 gxf6 20.
Bc6 Rd2 21. a3 Nd5 22. e4 Ne7 23. Rd1 Rb2 24. Rd7 Ng6 25. Rxa7 Ne5 26. Rd1 Rc2
27. Ra8 Rxa8 28. Bxa8 Nc4 29. Ra1 Na5 30. Rb1 Rc8 31. Bc6 Nxc6 32. bxc6 Rxc6
33. Ra1 Kg7 34. a4 Kg6 35. a5 Ra6 36. Kg2 f5 37. Kf3 fxe4+ 38. Kxe4 Kg5 39. h3
h5 40. f4+ Kg6 41. Ra3 f5+ 42. Kd4 h4 43. gxh4 Kh5 44. Kc4 Kxh4 45. Kb5 Ra8 46.
a6 Re8 47. a7 e5 48. fxe5 Rxe5+ 49. Kc4 Re8 50. a8=Q Rxa8 51. Rxa8 Kxh3 0-1

[Event "Paul Keres mem (27th) U2000"]
[Site "Vancouver CAN"]
[Date "2002.05.20"]
[Round "6.6"]
[White "Labik, Peter"]
[Black "Sum, Peter"]
[Result "1-0"]
[WhiteElo "1784"]
[BlackElo "1417"]
[PlyCount "65"]
[EventDate "2002.05.18"]
[EventType "swiss"]
[EventRounds "6"]
[EventCountry "CAN"]

1. e4 e5 2. Nf3 Nf6 3. Nc3 Nc6 4. Bc4 Nxe4 5. Bxf7+ Kxf7 6. Nxe4 d5 7. Neg5+
Ke8 8. O-O Be7 9. d4 e4 10. Ne5 Nxe5 11. dxe5 g6 12. f3 c6 13. fxe4 Bxg5 14.
exd5 Bxc1 15. Rxc1 Qxd5 16. Qe1 Be6 17. Rd1 Qc5+ 18. Kh1 Rd8 19. Rd6 Rxd6 20.
exd6 Qxd6 21. Rf2 Ke7 22. Rd2 Qc7 23. Qh4+ Kf7 24. Rf2+ Kg7 25. Qf6+ Kh6 26.
Qxh8 Qd6 27. Rf1 Bc4 28. Rg1 Qc5 29. Qc3 Qb5 30. Qe3+ Kg7 31. b3 Bf7 32. c4 Qa5
33. Rf1 1-0

[Event "Paul Keres mem (27th) U2000"]
[Site "Vancouver CAN"]
[Date "2002.05.20"]
[Round "6.8"]
[White "Barkman, Daniel"]
[Black "Goncharov, Dmitriy"]
[Result "1-0"]
[WhiteElo "1663"]
[BlackElo "1724"]
[PlyCount "61"]
[EventDate "2002.05.18"]
[EventType "swiss"]
[EventRounds "6"]
[EventCountry "CAN"]

1. e4 e5 2. Nf3 Nc6 3. Bc4 Nf6 4. O-O Bc5 5. c3 d6 6. d4 Bb6 7. dxe5 Nxe4 8.
Bxf7+ Kxf7 9. Qd5+ Be6 10. Qxe4 h6 11. exd6 Qxd6 12. Bf4 Qc5 13. Be3 Qb5 14. b3
Rhe8 15. Nbd2 Kg8 16. Qg6 Bf7 17. Qg3 Bxe3 18. fxe3 Rxe3 19. Qxc7 Re7 20. Qf4
Qc5+ 21. Nd4 Qxc3 22. Nf5 Qc5+ 23. Kh1 Rd7 24. Ne4 Qf8 25. Nxh6+ Kh7 26. Nxf7
Qe7 27. Qf5+ Kg8 28. Qh5 Qxf7 29. Rxf7 Rxf7 30. Ng5 g6 31. Qxg6+ 1-0

[Event "Paul Keres mem (27th) U2000"]
[Site "Vancouver CAN"]
[Date "2002.05.20"]
[Round "6.10"]
[White "Bell, Barry"]
[Black "Davies, Noam"]
[Result "1/2-1/2"]
[WhiteElo "1724"]
[BlackElo "1700"]
[PlyCount "72"]
[EventDate "2002.05.18"]
[EventType "swiss"]
[EventRounds "6"]
[EventCountry "CAN"]

1. d4 Nf6 2. Nf3 g6 3. Bf4 Bg7 4. h3 O-O 5. e3 d5 6. Be2 c5 7. c3 Nc6 8. Nbd2
Bf5 9. O-O Re8 10. Ne5 cxd4 11. exd4 Qb6 12. Qb3 Rad8 13. Nxc6 bxc6 14. Qxb6
axb6 15. Bc7 Rc8 16. Bh2 c5 17. Bb5 Bd7 18. Bxd7 Nxd7 19. Nf3 e5 20. dxe5 Nxe5
21. Nxe5 Bxe5 22. Rad1 Bxh2+ 23. Kxh2 Re2 24. Rxd5 Rxb2 25. Rd6 Rxa2 26. Rxb6
Rc2 27. f3 Rxc3 28. Rfb1 Kg7 29. Rb7 c4 30. Ra7 Rb3 31. Rxb3 cxb3 32. Rb7 Rc3
33. Rb6 Kf8 34. Rb7 Ke8 35. Kg3 h6 36. h4 f6 1/2-1/2